[Event "Merida 2nd"]
[Site "Merida"]
[Date "2001.05.18"]
[Round "3"]
[White "Anand, Viswanathan"]
[Black "Short, Nigel D"]
[Result "1-0"]
[WhiteElo "2794"]
[BlackElo "2676"]
[Annotator "Anand,V"]
[PlyCount "105"]
[EventDate "2001.05.13"]
[EventType "tourn"]
[EventRounds "6"]
[EventCountry "MEX"]
[EventCategory "18"]
[SourceTitle "CBM 084"]
[Source "ChessBase"]
[SourceDate "2001.09.13"]
[SourceVersion "1"]
[SourceVersionDate "2001.09.13"]
[SourceQuality "1"]

{We both led the tournament with 1.5 out of 2 before this game.} 1. e4 {Wedberg
} e5 {OK, no French today. Nigel mainly plays the French defence, but not
always.} 2. Nf3 Nc6 3. Bb5 a6 4. Ba4 d6 5. c3 g6 {This didn't come a surprise,
since Nigel used it against Khalifman in their rapid match.} 6. d4 Bd7 7. O-O
Bg7 8. Re1 {I am sure this move order has it's subtleties and if I knew what
they are, I would explain them!} (8. d5 Nce7 9. Bxd7+ Qxd7 10. c4 h6 11. Nc3 f5
{Khalifman-Short 2001}) 8... Nge7 {I think this is one - Black goes to e7. If
it went to f6, then he would lose time later playing f5.} 9. d5 (9. dxe5 {
Wedberg is the principal alternative.}) 9... Na5 $1 {A strong move that Kamsky
introduced. The point is that White wants to play c4 and play on the queenside
(similar to the King's Indian). This move attempts to delays c4.} (9... Nb8 {
Wedberg} 10. c4 O-O 11. Nc3 h6 12. Bc2 f5 13. c5 f4 14. b4 Bg4 15. Ba3 Nd7 16.
Qd3 Bxf3 17. Qxf3 $14 {1-0 Almasi,Z-Zsinka,L/HUN 1995/EXT 97 (53)}) 10. Bxd7+
Qxd7 11. b3 {'N' Wedberg. Wedberg: 'Anand aims for the optimal setup with P:s
on white squares and the N on c3.'} (11. b4 {Wedberg} Nc4 12. Qb3 b5 13. Nfd2
Nb6 14. c4 c6 15. Nc3 cxd5 16. cxd5 O-O $13 {0-1 Anka,E-Juergens,V/
Balatonbereny 1993/EXT 97 (50)}) 11... O-O $6 {Then he allows it anyway!} (
11... b5 12. c4 c5 $1 (12... bxc4 13. Qd2 Nb7 14. bxc4 O-O 15. Nc3 $14) 13. Bd2
Nb7 {Looks acceptable for Black.}) 12. c4 c5 13. Bd2 {The difference - White
stops b5 for some time.} b6 14. Qc1 $6 {The logic went something like this: he
can't play f5 due to Ng5, and if I stop h6 then he won't be able to play f5! 
Better was 14.Qc2} Nb7 15. a3 f5 $1 {Of course Ng5 is simply met by Nd8.} 16.
Nc3 f4 $2 {I think Black's attacking chances are limited without his light
squared bishop. More important, the pawn on c5 allows White to open the
queenside quite fast. Wedberg: 'This could be the start of a terrible attack,
but Black misses his white squared B and Nb7 is out of play and also a
tactical liability when White starts his play on the Q-side.'} (16... fxe4 17.
Nxe4 Nf5) 17. Qc2 Bf6 18. Reb1 Qc7 {Trying to hold back b4.} (18... g5 19. b4
g4 20. Ne1 $16) 19. Ne1 g5 20. Na4 Nc8 {Black goes in for complete passivity.}
21. b4 Bd8 22. Rb3 Ra7 23. Rab1 Qg7 24. bxc5 $6 (24. Nd3 $142 Bc7 25. bxc5 {
White can delay this even further.} Nxc5 26. Naxc5 dxc5 27. Bc3 {Now Black has
to play without the Ra7.}) 24... bxc5 $6 (24... Nxc5 25. Nxc5 dxc5 {White is
still better and he can try and open the kingside, but at least the b-file is
closed!} 26. Nd3 Re7 {The reason why the early bxc5 is bad.}) 25. Nd3 $16 Rf7
26. Bc3 Re7 (26... g4 27. Bxe5 dxe5 28. Naxc5 Nxc5 29. Nxc5 {Looks extremely
strong.}) 27. Qe2 {'!' Wedberg. Wedberg: 'White is active and Black is more or
less hopelessly passive. White can even start operations on the K-side.'} Rc7
$1 (27... g4 $2 28. Nxf4) 28. g3 {As often happens, a superiority on one flank
isn't enough - White needs to create a second weakness. '!?' Wedberg. Wedberg:
'White wants to open the g-file. But this was not 100% necessary. Now Black
gets some counterplay.'} (28. Qg4 Qf7 (28... Qd7 29. Qxd7 Rxd7 30. Bxe5 dxe5
31. Nxe5 Na5 32. Nxd7 Nxb3 33. Rxb3 Rxd7 34. Rb8 $18) 29. Bxe5 (29. Rxb7 $2
Rcxb7) 29... h5 $1 30. Qe2 dxe5 (30... Qe8 31. Bc3 Qxa4 32. Qxh5 $18) 31. Nxe5
Qe8 32. Nc6 Rxc6 33. dxc6 Nbd6 {This looked too messy to me.}) 28... Qd7 {
'!' Wedberg.} 29. Nab2 Qh3 {A strong defensive manoeuvre} 30. Kh1 Rf7 (30...
Rg7 $5 {Wedberg}) 31. gxf4 gxf4 32. Rg1+ Kf8 33. Qd1 {White protects the rook
on b3 and threatens Nxf4 again.} (33. Nxf4 $1 {My original intention, but I
suddenly began to have doubts.} Rxf4 34. Bxe5 Qxb3 35. Bxf4 Bf6 {The move that
gave me doubts, but later at home I discovered that it wins for White anyway.}
(35... Ne7 36. e5 Ng6 37. Bh6+ $18) (35... Qh3 36. Rg3 Qh4 37. Qf3 $18) 36. Qh5
Qxb2 (36... Nd8 37. Bh6+ Ke7 38. Rg8 $18) 37. Bh6+ Ke7 38. Bc1 $1 $18) 33... f3
34. Rg3 Qh4 (34... Qh5 35. Ne1) 35. Qg1 Ne7 (35... Ke8 36. Rg4 Qh5 37. Qg3 $16)
36. Bxe5 $1 dxe5 37. Nxe5 Nd6 (37... Qxe4 38. Nxf7 Kxf7 39. Re3 $18) 38. Rbxf3
$4 (38. Rb8 $1 {I had seen this move well and the point (41...Qe7 42.Rxd8+),
but still my hand took the pawn on f3.} Ke8 39. Rg8+ Nxg8 40. Qxg8+ Rf8 41.
Qe6+ Re7 (41... Qe7 42. Rxd8+ Kxd8 43. Nc6+ Ke8 44. Nxe7 Rxe7 45. Qxd6 Rxe4 46.
Nd3 $18) 42. Qxd6 Rxe5 43. Qxe5+ $18) 38... Qxe4 39. Nxf7 Nxf7 40. Nd3 Ng6 $1 {
The only move and with it Nigel had passed the time control. I now spent a
fair amount of time checking if I still had some chances.} 41. Nxc5 {The only
real try. The problem for White is that his king is also not entirely safe.
Besides, he can't win an endgame with such broken pawns.} (41. Qc1 Be7 42. Kg1
Rb7) 41... Qxc4 42. Ne6+ Ke8 {Black has to bring his king to the center.} (
42... Kg8 43. Rxg6+ {Loses on the spot.}) 43. Qd1 Rd7 44. Rd3 Bb6 (44... Be7 $1
{Plugging the e-file looks useful!} 45. Rc3 Qe4+ 46. Qf3 Qxf3+ 47. Rgxf3 $11)
45. Rg4 Qa2 {Here I got really excited because I thought that I could trap his
queen with Re4-e2} (45... Qc8 46. Re4 $16) 46. Re4 Nfe5 {Here I suddenly
realized that Re2 didn't trap the queen at all - she still has the c4 square! 
I began to wonder if I should bail out somewhere, but when you've had such a
good position, it isn't easy to do so.} (46... Qxf2 47. Rf3 Qa2 (47... Qb2 48.
Rb4 Qe5 49. Rxb6 $18) 48. Nc7+ Kd8 49. Re8+ Kxc7 50. Qc1+ {Wins}) (46... Nd6 $1
{Even better.} 47. Re2 Qc4 {I don't see a big discovered check.}) 47. Rd2 Qxa3
48. f4 Nf7 {I tried to weave a mating net, but somehow Black always escaped.}
49. Rd3 (49. Nc7+ Kf8 50. Re8+ Kg7 51. Ne6+ Kf6) 49... Qa2 $8 {Black's queen
has to stay active} (49... Qb2 50. Rb3 $18) (49... Qd6 50. Qh5 $1 $18) {
By now, my advantage on the clock had almost disappeared and this was the only
try left.} 50. Rb3 (50. Nc7+ Kf8 $8 (50... Kd8 $2 51. Re8+ Kxc7 52. Qc1+ {
Followed by mate}) 51. Re8+ Kg7 52. Ne6+ Kf6) 50... Rd6 $2 {And finally he
blundered!} (50... Qa5 $1 51. Nc5+ (51. Rxb6 Qxb6 52. Nc7+ Kf8 $8 (52... Kd8
53. Re8+ Kxc7 54. Qc2+ Kd6 $8 55. Re6+ Kxd5 56. Rxb6 $18) 53. Re8+ Kg7 54. Ne6+
Kh6 $1 {Of course, now that White doesn't have a rook on the 3rd, this is
perfectly safe.} (54... Kf6 55. Qa1+ Kf5 (55... Nfe5 56. fxe5+ Kf7 57. Rf8+ $1
Nxf8 58. Qf1+ Kg6 59. Qf6+ Kh5 60. Qg5#) 56. Ng7+ Kxf4 (56... Kg4 57. Qd1+ Kxf4
58. Qc1+ Kg4 59. h3+ Kg3 60. Qc3+) 57. Qc1+ $18)) (51. Nc7+ Kd8 52. Rxb6 (52.
Re8+ {This didn't work because black can block on c5} Kxc7 53. Qc1+ Bc5) 52...
Rxc7 $1) 51... Re7 52. Nb7 Rxe4 53. Nxa5 Bxa5 {White is in no danger here, but
I wasn't sure if he was better. At any rate, there is nothing else.}) (50...
Nd6 $142 {Wedberg}) 51. Nc5+ $1 {Now this wins.} Ne7 (51... Kf8 52. Rxb6 $1 $18
(52. Ra4 Qf2 53. Ne4 Qxf4 54. Nxd6 Qxa4 55. Nxf7 $18)) 52. Qe1 {'!' Wedberg.}
Bd8 (52... Bxc5 53. Rxe7+ Kf8 54. Rxf7+ Kxf7 55. Rb7+ {Leads to mate.}) 53. Re2
{And finally White traps the queen!  An exhausting game for both of us. It was
very interesting albeit full of errors.  With this I took the lead in the
event and in the end it turned out to be the decisive game of the tournament.}
1-0

[Event "Burgas Black Sea"]
[Site "Burgas"]
[Date "2012.09.19"]
[Round "10"]
[White "Areshchenko, Alexander"]
[Black "Atalik, Suat"]
[Result "1/2-1/2"]
[WhiteElo "2702"]
[BlackElo "2603"]
[Annotator "Atalik,S"]
[PlyCount "114"]
[EventDate "2012.09.12"]
[EventType "tourn"]
[EventRounds "10"]
[EventCountry "BUL"]
[EventCategory "18"]
[SourceTitle "CBM 151"]
[Source "ChessBase"]
[SourceDate "2012.11.13"]
[SourceVersion "1"]
[SourceVersionDate "2012.11.13"]
[SourceQuality "1"]

1. e4 e5 2. Nf3 Nc6 3. Bb5 a6 4. Ba4 d6 $5 {The Steinitz is most likely OK but
the Steinitz should be even more than that.} 5. c3 {This is the critical line.}
Bd7 6. O-O g6 7. d4 Bg7 8. Be3 $5 {This is more to the point} ({than} 8. Bg5 f6
9. Be3 Nh6 $1 {where the knight runs to its best square f7.}) 8... Nf6 9. Nbd2
O-O (9... Ng4 $5 10. Bg5 f6 11. Bh4 Qe7 12. d5 {Although it has never been
played this may turn out to be the idea for White.} Nd8 13. Bxd7+ Qxd7 14. h3
Nh6 $13) 10. Re1 (10. h3 exd4 (10... Qe7 11. Re1 Rae8) (10... Qe8 11. Bxc6 Bxc6
12. dxe5 Nxe4 13. Nxe4 Bxe4 14. exd6 $14) 11. cxd4 Qe8 $1 (11... Re8 $2 12. Bc2
Nb4 13. Bb3 Bb5 14. Ng5 d5 15. e5 $16 {can turn out to be an improvement over
Ljubojevic-Ciocaltea,Porec(Balkaniade) 1974.}) 12. Bc2 Nb4 13. a3 Nxc2 14. Qxc2
$14) 10... Ng4 (10... Qe8 $6 11. Bxc6 Bxc6 12. dxe5 Nxe4 13. Nxe4 Bxe4 14. exd6
$16) (10... exd4 11. cxd4 Re8 {is not my style.}) 11. Bg5 f6 12. Bh4 g5 13. Bg3
Nh6 $146 {I like this move.} 14. Nf1 $5 {He did not go for the pawn.} (14. dxe5
fxe5 15. Qb3+ Kh8 16. Qxb7 g4 (16... Rb8 17. Qxa6 Ra8 18. Qc4 (18. Qxc6 Bxc6
19. Bxc6 $44) 18... Na5 19. Qb4 c5 20. Qa3 g4 21. Nh4 Nb7 22. b3 Bf6 23. Nf5
Nxf5 24. exf5 Bxf5 $44) 17. Nh4 Ra7 18. Qb3 Bf6 19. Nf5 Nxf5 20. exf5 Ne7 21.
Bxd7 Qxd7 22. Qe6 Qxe6 23. fxe6 Nf5 24. Ne4 Ng7 $132) 14... exd4 ({I was not
happy with} 14... g4 15. Bxc6 (15. Nh4 exd4 16. cxd4 (16. Bxc6 $6 bxc6 17. cxd4
f5 18. Nxf5 Nxf5 19. exf5 Rxf5 $17) 16... f5 17. d5 f4 18. dxc6 bxc6 19. Bxf4
Rxf4 20. g3 Rf8 21. Ne3 $14) 15... bxc6 (15... Bxc6 16. Nh4 f5 17. Nxf5 Nxf5
18. exf5 exd4 19. cxd4) 16. Nh4 exd4 17. Qxd4 $5 $13) 15. Nxd4 $5 (15. cxd4 f5
(15... g4 $2 16. d5 gxf3 17. dxc6 fxg2 18. cxd7 gxf1=Q+ 19. Kxf1 {and it is
not clear if Black can get rid of the pawn on d7.}) 16. d5 Ne7 17. Bxd7 Qxd7
18. exf5 g4 19. Nh4 Nexf5 20. Nxf5 Nxf5 21. Qxg4 Qb5 $13 {has pros and cons.})
15... Nxd4 16. Qxd4 (16. Bxd7 Qxd7 17. cxd4 f5 18. f3 Rae8 $36) 16... f5 17.
Qd5+ Kh8 18. Bxd7 Qxd7 19. exf5 Nxf5 20. Re2 (20. Qxb7 Rab8 21. Qxa6 Rxb2 22.
Qa3 Qb5 $44) 20... Qb5 $1 21. Qd2 Rae8 22. Rae1 Rxe2 23. Rxe2 g4 (23... Bh6 $5
{could have been more cautious but what about the place for the bishop?}) 24.
Re4 h5 25. Bf4 ({Although the imbalanced pawn structure may favour White, king
safety may also play a role in the following lines:} 25. Qg5 $142 Nh6 $5 (25...
Qxb2 26. Qxh5+ Kg8 27. Rf4 (27. Qxg4 Nxg3 28. Qxg3 Qxc3 29. Re3 Qb2 30. h4 $13)
27... Nxg3 28. Qd5+ Kh7 29. hxg3 Rxf4 30. gxf4 Qxc3 31. Qxb7 Qc4 32. Qb1+ Kg8
33. g3 Bd4 $11) 26. Qxb5 axb5 27. Rb4 Rf5 (27... c6 $2 28. Bxd6 Rd8 29. Bf4 Rd1
30. a4 bxa4 31. Rxb7 Rb1 32. g3 $16) 28. Ne3 (28. a4 bxa4 29. Rxb7 Rc5) 28...
Rc5 $13) 25... Kg8 {Time to adjust the king's position.} 26. Bg5 $2 {This
seemed unnecessary.} (26. Ng3 Nxg3 (26... Qc6 27. Qe2) (26... d5 27. Rb4 Qc6
28. Nxh5 a5 29. Rb3 Re8 30. g3 b5 $44) (26... h4 27. Nh5 (27. Rb4 Qc6) 27...
Re8 28. Qe1 Kf7 29. g3 $13) 27. hxg3 Qf5 (27... Re8 28. Rxe8+ Qxe8 29. Qd5+ Kh8
30. Qxb7 Qe1+ 31. Kh2 Qxf2 32. Qxc7) 28. Qe3 Bf6 29. Bh6 Rf7 30. Re8+ Kh7 31.
Bf4 b5 $13) 26... d5 27. Re2 d4 $36 28. cxd4 Nxd4 {The correct way to
recapture.} (28... Bxd4 29. Ng3 (29. Ne3 $6 Re8) 29... Nxg3 30. hxg3 Rf7 31.
Bf4 Bf6 32. Qc2 Kg7 $11) 29. Re7 Rf7 30. Re4 Rd7 31. Re8+ Kh7 $5 (31... Kf7 32.
Qe3 Qxb2 $1 {Sang froid!} 33. Re7+ Rxe7 34. Qxe7+ Kg6 35. Bd2 Qb5 36. Qe4+ Kf7
37. Qf4+ Bf6 38. Qxc7+ Kg6 39. Qc8 $132) 32. Qe3 Nf5 33. Qe1 Nd6 $2 $138 ({
So what would have happenned if I had gobbled up a pawn with} 33... Bxb2 34. a4
(34. Qe6 $2 Qd5) 34... Qd5 (34... Qd3 35. Qb4) 35. Qb1 Bd4 36. Ng3 Kg6 37. Bf4
Bf6 38. Re1 h4 39. Ne4 h3 $17) 34. Re7 Rxe7 35. Qxe7 Qxb2 36. Qxc7 Ne4 37. Be3
$6 $138 (37. Bh4 $1 b5 38. Qf7 Qe5 39. Be7 $1 $13 {was more aggressive.}) 37...
Nc3 38. h3 Ne2+ 39. Kh2 Qe5+ $1 $17 40. Qxe5 Bxe5+ 41. g3 Nc3 ({The best
reaction was} 41... gxh3 $1 {, which should have kept his king away and does
not give a weak pawn on g4.} 42. Kxh3 Nc3 43. f4 $5 (43. a3 Bd6 44. Bc1 Nb1 (
44... b5 45. Ne3 Nb1 46. Nc2) 45. a4 Nc3 (45... a5 46. Bb2) 46. a5 Bb4 47. Bd2
Bxa5 48. g4 Kg6 49. f4 hxg4+ 50. Kxg4 Bb4 51. Kf3 a5 52. Ne3 $17 {is this
winning?}) 43... Bd6 44. g4 hxg4+ 45. Kxg4 Nxa2 (45... Kg6 46. f5+ Kf7 47. Nd2
Nxa2 48. Ne4 $44) 46. Kf5 $44) 42. a3 (42. hxg4 $2 Nxa2 $1 (42... hxg4 43. a3
b5 44. Bc1 $1 {transposes to the game.}) 43. gxh5 a5 $40 {is scary.}) 42... b5
$2 (42... gxh3 43. Kxh3 Bd6 44. Bc1 {transposes to the notes in the previous
line.}) (42... Bd6 43. hxg4 hxg4 44. Bc1 Nb1 45. a4 Nc3 46. a5 Bb4 47. Ne3 Bxa5
$17) 43. hxg4 hxg4 44. Bc1 $1 {I underestimated this move.} Nd1 (44... Kg6 45.
Ne3) 45. Kg2 Kg6 46. f3 Kf5 (46... Bb2 47. Bxb2 Nxb2 48. Ne3 Nc4 49. Nc2 $11)
47. fxg4+ Kxg4 (47... Ke4 $2 48. Nd2+ Kd3 49. g5 Kc2 50. Nf3 Bb2 51. Bf4 $1 $16
{gives serious counter chances due to the passer White has created for himself.
}) 48. Nh2+ $1 Kf5 49. Kf3 Bb2 $6 {After this it was a draw.Were there any
chances for Black?} ({I actually believe not!} 49... Nc3 50. Ng4 Bxg3 51. Ne3+
Ke6 52. Kxg3 Ne2+ 53. Kf3 Nxc1 54. Ke4 Kd6 55. Kd4 $11) (49... a5 50. Ke2 $11)
50. Bxb2 Nxb2 51. Ng4 $1 $11 (51. Nf1 $1 $11) 51... Nc4 52. Ne3+ Nxe3 53. Kxe3
a5 54. Kd4 b4 55. axb4 axb4 56. Kc4 Kg4 57. Kxb4 Kxg3 1/2-1/2

[Event "Jakarta Japfa"]
[Site "Jakarta"]
[Date "2014.04.24"]
[Round "7"]
[White "Juswanto, Denny"]
[Black "Atalik, Suat"]
[Result "1/2-1/2"]
[WhiteElo "2402"]
[BlackElo "2562"]
[Annotator "Atalik,S"]
[PlyCount "53"]
[EventDate "2014.04.20"]
[EventType "tourn"]
[EventRounds "9"]
[EventCountry "INA"]
[EventCategory "8"]
[SourceTitle "CBM 161"]
[Source "ChessBase"]
[SourceDate "2014.07.16"]
[SourceVersion "1"]
[SourceVersionDate "2014.07.16"]
[SourceQuality "1"]

1. e4 e5 2. Nf3 Nc6 3. Bb5 a6 4. Ba4 d6 5. c3 Bd7 6. O-O g6 7. d4 Bg7 8. dxe5
$5 {The first game in the morning, my opponent went for a tricky line.} Nxe5 (
8... dxe5 9. Be3 $14 {I have bad memories about this structure from my game
with Kalegin.}) 9. Bxd7+ (9. Nxe5 {I was planning to commit even} Bxe5 $5 (9...
dxe5 10. f4 (10. Bxd7+ Qxd7 11. Qxd7+ Kxd7 12. f4 exf4 13. Bxf4 Re8 $1 14. Nd2
Ne7 $11) 10... Bxa4 11. Qxa4+ b5 $1 (11... Qd7 $6 12. Qxd7+ Kxd7 13. fxe5 Rf8
14. Bf4 Ne7 15. Nd2 Nc6 16. Nf3 Kc8 17. Rad1 h6 18. h4 Re8 19. Rd5 Re7 20. g3
Rhe8 21. Kg2 b6 $16) 12. Qb3 (12. Qc2 exf4 13. Bxf4 Nf6 14. Bg5 Qe7 (14... Qd6
$2 15. Qf2) 15. e5 (15. Qf2 Ng4) 15... Qxe5 16. Bxf6 Bxf6 17. Qf2 Be7 18. Qxf7+
Kd7 $15) 12... exf4 13. Bxf4 Nf6 14. Bg5 Qd6 $15) 10. f4 Bg7 11. f5 gxf5 12.
exf5 Be5 13. Bf4 Nf6 14. Re1 Qe7 15. Bxe5 dxe5 16. Bxd7+ Nxd7 $15) 9... Nxd7
10. Be3 Ngf6 11. Nbd2 O-O 12. Re1 Re8 13. Qc2 Ng4 (13... Qe7 {was safer}) 14.
Bg5 Bf6 (14... Qb8 15. h3 Nge5 $11) 15. Bf4 Nc5 (15... Qe7 $5) 16. Rad1 Qe7 17.
h3 Ne5 18. Nxe5 dxe5 $6 {Again the same risky structure.} (18... Bxe5 19. Be3
Nd7 $14) 19. Be3 Ne6 20. Qb3 $1 $16 {A great move probing weaknesses in
Black's position.} (20. Nc4 b5 21. Na5 c5 22. Rd5 c4 23. Red1 Qc7 24. b4 cxb3
25. Nxb3 Be7 $1 26. Rd7 Qc8 $13) 20... b5 21. Nf3 Red8 22. a4 c6 23. Bb6 Rxd1
24. Rxd1 Rb8 ({It is clear that after} 24... bxa4 $6 25. Qxa4 Qb7 26. Be3 Rd8
27. b4 Qb5 28. Rxd8+ Nxd8 29. Qd1 {Black is just worse.} Ne6 30. Qd7 c5 $1 31.
Qxb5 axb5 32. bxc5 Kf8 33. Ne1 Bg5 $1 34. Bxg5 Nxg5 35. f3 Ne6 36. Nd3 f6 37.
Kf2 Ke7 38. c6 Kd6 39. Nb4 $16 Nd8 $40 40. c7 $18) 25. a5 Rb7 26. c4 Rd7 27.
cxb5 {Here comes the draw offer, and after some time I decided to take it.} (
27. cxb5 cxb5 28. Rxd7 Qxd7 29. Qd5 $1 Qc8 $8 {It is clear that Black should
not exchange the queens.} (29... Qxd5 30. exd5 Nf8 $5 (30... Nf4 $2 31. d6 Kf8
32. Nd2 (32. d7 Ne6) 32... Ne6 33. Ne4 Bh4 34. b4 (34. g3 $2 f5) 34... Ke8 35.
g3 Bd8 36. Nc5 Nxc5 37. bxc5 Kd7 38. c6+ Kxc6 39. Bxd8 b4 (39... Kxd6 40. Kf1
f5 41. Ke2 Kd5 42. Kd3 $18) 40. Bg5 Kxd6 41. Kf1 b3 42. Bc1 Kc5 43. Ke2 Kb4 44.
Kd3 e4+ 45. Kd4 Kxa5 46. Kc3 Ka4 47. h4 f5 48. Bb2 h6 49. Bc1 g5 50. h5 f4 51.
gxf4 gxf4 52. Kd4 Kb4 53. Kxe4 Kc3 54. Bxf4 Kc2 55. Be5 a5 56. f4 a4 57. f5 a3
58. f6 b2 59. f7 b1=Q 60. f8=Q $16) 31. Nd2 Nd7 32. Ne4 Kf8 33. g4 $1 $16 (33.
b4 Ke7 34. Nc5 Nxc5 35. bxc5 e4 36. c6 Kd6 37. Bc5+ $11) 33... Ke8 34. Kg2 (34.
Nd6+ Ke7 35. Nc8+ $11) 34... Be7 35. Kf3 f5 36. gxf5 gxf5 37. Ng3 Nf6 38. Nxf5
Kd7 (38... Nxd5 $2 39. Ke4) 39. Nxe7 Kxe7 40. Bc5+ Kd7 41. h4 Nxd5 42. Kg4 Nf4
43. Be3 Nd3 44. b3 Ke6 45. Kg5 $18) 30. Be3 Bd8 31. Nxe5 Bxa5 32. Nc6 Bd8 33.
Bd2 h5 34. Bc3 Kh7 $16 {Black is worse but not lost.}) 1/2-1/2

[Event "Hoogovens"]
[Site "Wijk aan Zee"]
[Date "1984.01.29"]
[Round "13"]
[White "Beliavsky, Alexander G"]
[Black "Ree, Hans"]
[Result "1-0"]
[WhiteElo "2565"]
[BlackElo "2480"]
[Annotator "Bulletin"]
[PlyCount "93"]
[EventDate "1984.01.13"]
[EventType "tourn"]
[EventRounds "13"]
[EventCountry "NED"]
[EventCategory "13"]
[SourceTitle "MCL"]
[Source "ChessBase"]
[SourceDate "1999.07.01"]
[SourceVersion "1"]
[SourceVersionDate "1999.07.01"]
[SourceQuality "1"]

1. e4 e5 2. Nf3 Nc6 3. Bb5 g6 4. c3 a6 5. Ba4 d6 6. d4 Bd7 7. Bg5 $1 Be7 8. Be3
(8. h4) (8. Bxe7) 8... Nf6 9. Bc2 $1 (9. Nbd2 $2 Ng4) 9... O-O 10. O-O Re8 11.
h3 Bf8 12. Nbd2 Bg7 13. Re1 h6 14. a3 {/\ b4} a5 {/\ 15.-a4 16.Bxa4 Nxd4!} 15.
b3 Qe7 16. Nf1 Rad8 (16... exd4 17. cxd4 Nxe4 18. d5 $1 Nc3 (18... Bxa1 19.
dxc6 $16) (18... Nb8 19. Bd4 f5 20. Ng3 $16) 19. Qd2 Nb8 (19... Ne5 20. Nd4 $1
Nb5 21. f4 $1 $18) 20. Bd4 Ne2+ 21. Kh1 Nxd4 22. Rxe7 Nxf3 23. Rxe8+ Bxe8 24.
gxf3 $1 Bxa1 25. Qe1 $1 $18) 17. d5 $1 $16 {(),|^<<} Nb8 {/\ Nh5-f4,f5} 18. Ng3
$1 c5 19. Qd2 Qf8 20. b4 axb4 21. axb4 cxb4 22. cxb4 Na6 23. Bd3 $1 Ra8 24. Bb6
$1 Rec8 25. b5 Nc7 (25... Nc5 26. Rxa8 Rxa8 27. Bxc5 dxc5 28. Nxe5 $18) 26.
Rxa8 Nxa8 27. Be3 Nc7 28. Qa5 Kh7 29. Rc1 $18 Ncxd5 $8 (29... Na8 30. Rxc8 Qxc8
31. b6 $18 {>< Na8}) (29... Qd8 30. Bb6 $18 {>< Nc7}) (29... Nce8 30. Rxc8 Bxc8
31. Qd8 $18 {/\ Bc8}) 30. exd5 Nxd5 31. Rxc8 Qxc8 32. Bd2 f5 33. Qa2 $1 Qc5 34.
Bc4 Nf6 35. Bf7 f4 (35... e4 36. Nh4 g5 37. Bg6+ {/\ Nhxf5}) 36. Qb1 $1 fxg3
37. Qxg6+ Kh8 38. Qxg3 $40 {/\ Qg6,Bxh6 +-} Ne4 39. Qh4 Qxf2+ (39... Nxd2 40.
Qd8+ Kh7 41. Qg8#) 40. Qxf2 Nxf2 41. Kxf2 Bxb5 42. Nh4 Bd3 43. Ke3 Bc2 44. Bd5
$1 Bf6 45. Nf3 b6 46. Bb4 Be7 47. Nd2 $1 (47. Nxe5 $4 Bg5+) 1-0

[Event "Interzonal-16"]
[Site "Biel"]
[Date "1993.??.??"]
[Round "13"]
[White "Georgiev, Kiril"]
[Black "Smyslov, Vassily V"]
[Result "1/2-1/2"]
[WhiteElo "2660"]
[BlackElo "2520"]
[Annotator "ChessBase"]
[PlyCount "43"]
[EventDate "1993.07.16"]
[EventType "swiss"]
[EventRounds "13"]
[EventCountry "SUI"]
[SourceTitle "CBM 037"]
[Source "ChessBase"]
[SourceDate "1993.12.01"]
[SourceVersion "1"]
[SourceVersionDate "1993.12.01"]
[SourceQuality "1"]

1. e4 e5 2. Nf3 Nc6 3. Bb5 g6 4. c3 a6 5. Ba4 d6 6. d4 Bd7 7. O-O Bg7 8. dxe5
Nxe5 9. Nxe5 dxe5 10. f4 Bxa4 11. Qxa4+ b5 12. Qc2 exf4 13. Bxf4 Nf6 14. Bg5 $5
(14. Nd2) 14... Qe7 15. e5 Qxe5 16. Bxf6 Bxf6 17. Qf2 Be7 18. Qxf7+ Kd7 19. Qf3
Raf8 20. Qh3+ Qe6 21. Qxe6+ Kxe6 22. Re1+ 1/2-1/2